[Event "GER-chT U10"]
[Site "Magdeburg"]
[Date "2016.12.28"]
[Round "3.2"]
[White "Nguyen, Jenny Ha Linh"]
[Black "Isbilir, Seydi"]
[Result "0-1"]
[WhiteElo "1061"]
[BlackElo "1091"]
[PlyCount "60"]
[EventDate "2016.12.27"]
[EventType "team-swiss"]
[EventRounds "7"]
[EventCountry "GER"]
[SourceTitle "EXT 2018"]
[Source "ChessBase"]
[SourceDate "2017.10.13"]
[SourceVersion "1"]
[SourceVersionDate "2017.10.13"]
[SourceQuality "1"]
[WhiteTeam "Leipzig Gruen Weiss"]
[BlackTeam "Erlangen"]
[WhiteTeamCountry "GER"]
[BlackTeamCountry "GER"]

1. e4 e5 2. Nf3 Nc6 3. Bc4 Nf6 4. d3 h6 5. Be3 b6 6. 0-0 Be7 7. Bb5 Bb7 8. Bxc6 Bxc6 9. Nxe5 Bb7 10. Nc3 0-0 11. Qd2 d5 12. exd5 Bxd5 13. Rfe1 Kh7 14. d4 Rc8 15. Qd3+ Kg8 16. f3 c5 17. dxc5 Bxc5 18. Bxc5 Rxc5 19. Rad1 Re8 20. Nxd5 Nxd5 21. c4 f6 22. Ng6 Rxe1+ 23. Rxe1 Ra5 24. cxd5 Rxd5 25. Qb3 Qd6 26. Rd1 Qc5+ 27. Kh1 Qa5 28. Ne7+ Kh7 29. Nxd5 b5 30. Rd4 Qe1# 0-1